000 00594nam a2200193Ia 4500
008 151121s9999||||xx |||||||||||||| ||und||
082 _a813/नांगरे
082 _bHNW-38976
100 _aनांगरे बलराम
245 _aदैवरेखा
260 _b"पाठक गं। रा। प्रकाशन, पुणे।"
260 _c--
300 _a151
600 _aनांगरे बलराम
630 _aदैवरेखा
700 _aनांगरे बलराम
730 _aदैवरेखा
942 _cBOOK
999 _c1229465
_d1229462